000 00524cam a2200205ua 4500
001 921
005 20260515113238.0
008 110423n ii |||gr||||Z||||||eng
020 _a978-81-237-5251-8
040 _cMAIN
082 _a320.954
245 1 _aOur political system.
_cBy Subhash C. Kashyap.
250 _a1st.
260 _aNew Delhi.:
_bNational book trust.,
_c2008.
300 _a420 p.:
_c23 cm.
653 _aPolitical science.
653 _aPolitical system.
700 1 _aKashyap, Subhash C.,
942 _cBK
999 _c844
_d844